000 00581nam a22002052 4500
001 0000005186
005 20151217151955.0
008 070608s xx 000 0 eng d
020 _a817635449X :
040 _aKABU
_cKABU
050 0 _aTK5105.565
_b.C65
100 1 _aColburn, Rafe.
_@0000156340
245 1 0 _aSams teach yourself CGI in 24 hours.
260 _aNew Delhi :
_bTechmedia,
_c2000.
300 _axvii, 490 p.
650 0 _aCGI (Computer network protocol)
_@0000156337
908 _a070608
950 _@1
999 _c6894
_d6894